Engineering drawing and design (Record no. 4899)
[ view plain ]
| 000 -LEADER | |
|---|---|
| fixed length control field | 00377nam a2200145Ia 4500 |
| 008 - FIXED-LENGTH DATA ELEMENTS--GENERAL INFORMATION | |
| fixed length control field | 230711s9999||||xx |||||||||||||| ||und|| |
| 041 ## - LANGUAGE CODE | |
| Language code of text/sound track or separate title | ENG |
| 082 ## - DEWEY DECIMAL CLASSIFICATION NUMBER | |
| Classification number | 604 |
| Item number | VE-E |
| 100 ## - MAIN ENTRY--PERSONAL NAME | |
| Personal name | Venugopal K |
| 245 #0 - TITLE STATEMENT | |
| Title | Engineering drawing and design |
| 250 ## - EDITION STATEMENT | |
| Edition statement | 5th . Ed. |
| 260 ## - PUBLICATION, DISTRIBUTION, ETC. | |
| Date of publication, distribution, etc. | 2008 |
| Place of publication, distribution, etc. | New Delhi |
| Name of publisher, distributor, etc. | New Age International Publishers |
| 650 ## - SUBJECT ADDED ENTRY--TOPICAL TERM | |
| Topical term or geographic name entry element | Mechanical Engineering |
| 942 ## - ADDED ENTRY ELEMENTS (KOHA) | |
| Koha item type | Book |
| Withdrawn status | Lost status | Damaged status | Not for loan | Collection | Home library | Current library | Date acquired | Total checkouts | Full call number | Barcode | Date last seen | Date last checked out | Price effective from | Koha item type |
|---|---|---|---|---|---|---|---|---|---|---|---|---|---|---|
| MRSPTU Central Library | MRSPTU Central Library | 1 | 604 VE-E | 17569 | 03/13/2024 | 02/20/2024 | 08/17/2023 | Book | ||||||
| MRSPTU Central Library | MRSPTU Central Library | 604 VE-E | 17570 | 08/17/2023 | 08/17/2023 | Book | ||||||||
| MRSPTU Central Library | MRSPTU Central Library | 1 | 604 VE-E | 17571 | 04/18/2024 | 02/20/2024 | 08/17/2023 | Book |
